000 01132nam0a22002651 4500
001 rc\811138
005 20250622001452.0
035 _a(NLR Aleph) 005994493
090 _a7162866
_c7162866
100 _a20041129d1984 |||y0rusy50 ca
101 0 _arus
102 _aRU
105 _ay |||||||||
200 1 _aСовременные представления о клинике, патогенезе и лечении распространенных косметических заболеваний
_e[Сб. ст.
_fПод ред. проф. А.П. Хруновой]
210 _aМ.
_cВНИИМИ
_d1984
215 _a77 с.
_d21
225 1 _aМедицина и здравоохранение
_iСерия "Терапия"
_eОбзор. информ.
_fВНИИ мед. и мед.-техн. информ.
_vВып. 2
300 _aВ надзаг. также: М-во здравоохранения СССР
320 _aБиблиогр. в конце статей
702 1 _aХрунова
_bА.П.
_4340
801 0 _aRU
_bNLR
_gpsbo
801 1 _aRU
_bELAR
_2rusmarc
852 _aNLR
_jП16/1415
942 _cBOOK
980 _aNB